00274nam a2200109Ia 450000500170000000800410001710000260005824500470008426000100013130000100014165000130015120260328101513.0260328s9999||||xx |||||||||||||| ||und|| aEncyclopedie des Arts 0aLes Muses (Vol.2) /cEncyclopedie des Arts bALpha a40 p. aHISTORIA